| 000 | 01157pam a2200289 a 4500 | ||
|---|---|---|---|
| 001 | ghostspark00park | ||
| 003 | CaSfIA | ||
| 005 | 20210118085811.0 | ||
| 007 | cr|||| | ||
| 008 | 811124s1982 nyu 00011 eng | ||
| 010 | _a 81019497 | ||
| 020 | _a0525241094 | ||
| 035 | _a(DLC) 81019497 | ||
| 040 |
_aBIBLIOS _dCaSfIA |
||
| 050 | 0 |
_aPS3566.A682 _bG5 1982 |
|
| 082 | 0 |
_a813/.54 _219 |
|
| 100 | 1 | 0 | _aParker, Marsha. |
| 245 | 1 | 0 |
_aGhosts / _h[electronic resource] _cMarsha Parker. |
| 250 | _a1st ed. | ||
| 260 | 0 |
_aNew York : _bE.P. Dutton, _cc1982. |
|
| 300 |
_a264 p. ; _c22 cm. |
||
| 856 | 4 | 1 |
_uhttp://www.archive.org/details/ghostspark00park _zFree eBook from the Internet Archive |
| 856 | 4 | 2 |
_uhttp://www.openlibrary.org/books/OL4273217M _zAdditional information and access via Open Library |
| 942 | _cEB | ||
| 506 | _fНеобхідна авторизація на https://archive.org/ (створення облікового запису безкоштовно) | ||
| 506 | _fНеобхідна авторизація на https://openlibrary.org/ (створення облікового запису безкоштовно) | ||
| 999 |
_c501034 _d501034 |
||